| 000 | 00611nam a2200145Ia 4500 | ||
|---|---|---|---|
| 008 | 170221s9999 xx 000 0 und d | ||
| 100 | _aBambang Moertono Setiawan | ||
| 245 | _aEffect of Organizational Structure, Leadership and Trust on Job Performance of Employee:A Case Study on Employee at Universitas Ternama | ||
| 245 | _cBambang Moertono Setiawan, I. Made Putrawan, Syliviana Murni, Imam Ghozali | ||
| 260 | _bInternational Review of Management and Marketing | ||
| 260 | _cDecember 2015 | ||
| 300 | _a4:3 | ||
| 650 | _xMarketing. | ||
| 856 | _uhttp://www.econjournals.com/index.php/irmm/issue/view/88 | ||
| 999 |
_c310114 _d310114 |
||